MARC

LEADER 00000nab a2200000 a 4500
001 vtls010339407
003 SK-MaSNL
005 20260303093450.0
008 120203c201111 xo r p 000 00slo
015 |a SNBRB2012/02SVKPO 
038 |a SVKPOCL 
040 |a SVKPOCL  |b slo  |c SVKPOCL  |e AACR2 
041 |a slo 
044 |a xo  |c SK 
080 |a 636.7.044:798.8.012.21  |2 2001 
080 |a 798.8.012.21  |2 2001 
080 |a 614.88:636.7.044  |2 2001 
100 1 |a Hamerlík, Ján  |4 aut  |9 1104671 
245 1 0 |a Majstrovstvá Slovenska záchranárskych psov  |c Ján Hamerlík 
300 |a Fotogr. 
610 2 7 |a Asociácia cvičiteľov záchranárskych psov na Slovensku  |2 svkpocl  |9 887301 
610 2 7 |a Kynologická záchranárska brigáda (Banská Bystrica, Slovensko)  |2 svkpocl  |9 1104672 
611 2 7 |a Majstrovstvá Slovenska záchranárskych psov v klasických disciplínach  |n (15. :  |d 2011 :  |c Jablonica, Slovensko)  |2 svkpocl  |9 1104673 
648 7 |a 1.10.2011  |2 svkpocl  |9 1099328 
650 0 7 |a služobná kynológia  |2 svkpocl  |9 60143 
650 0 7 |a záchranárske psy  |2 svkpocl  |9 385281 
651 7 |a Jablonica (Slovensko)  |2 svkpocl  |9 59100 
773 0 |t Kynologická revue  |g Roč. XXII, č. 11 (2011), s. 42-43  |x 1335-9282 
852 |a SVKPO  |b KIS3GCP 
856 4 1 |u www.dogsk.sk 
958 |a NB 
958 |a SK 
999 |c 1815721  |d 1817651